LEADER 01307cam2-2200397---450 001 990003111960203316 005 20170516085927.0 010 $a88-14-13859-1 035 $a000311196 035 $aUSA01000311196 035 $a(ALEPH)000311196USA01 035 $a000311196 100 $a20080527d2008----km-y0itay50------ba 101 $aita 102 $aIT 105 $a||||||||001yy 200 1 $aDell'amministrazione di sostegno$e[Artt. 404-413]$fGiovanni Bonilini, Ferruccio Tommaseo 205 $a2. ed. agg. e ampliata 210 $aMilano$cGiuffrè$d2008 215 $aXVI, 568 p.$d24 cm 461 1$1001000032193$12001$a<> codice civile 606 0 $aDisabili$xAssistenza [e] Tutela$xLegislazione$2BNCF 676 $a344.450324 700 1$aBONILINI,$bGiovanni$0229873 701 1$aTOMMASEO,$bFerruccio$0229413 801 0$aIT$bsalbc$gISBD 912 $a990003111960203316 951 $aXXV.1.B. 694 91 (346.45 COD ARTT. 404-413)$b59486 G.$cXXV.1.B. 694 91 (346.45)$d00210834 959 $aBK 969 $aGIU 979 $aCHIARA$b90$c20080527$lUSA01$h1407 979 $aCHIARA$b90$c20080527$lUSA01$h1409 979 $aCHIARA$b90$c20080527$lUSA01$h1410 979 $aRSIAV4$b90$c20100920$lUSA01$h1214 996 $aDell'amministrazione di sostegno$965402 997 $aUNISA